[Event "Wuerttemberg-ch KT"]
[Site "Stuttgart"]
[Date "2015.09.05"]
[Round "8"]
[White "Klaiss, Thomas"]
[Black "Andreev, Vlad"]
[Result "1/2-1/2"]
[WhiteElo "1979"]
[BlackElo "2046"]
[PlyCount "29"]
[EventDate "2015.08.29"]
[EventType "swiss"]
[EventRounds "9"]
[EventCountry "GER"]
[SourceTitle "EXT 2017"]
[Source "ChessBase"]
[SourceDate "2016.10.25"]
[SourceVersion "1"]
[SourceVersionDate "2016.10.25"]
[SourceQuality "1"]

1. e4 c6 2. d4 d6 3. Nc3 Qc7 4. Nf3 Bg4 5. Be2 e5 6. h3 Bh5 7. a3 Nf6 8. 0-0 Be7 9. Re1 Nbd7 10. Be3 0-0 11. Nd2 Bg6 12. Bd3 Nh5 13. Ne2 exd4 14. Nxd4 Nc5 15. Nf5 1/2-1/2